000 00447nam a2200181Ia 4500
001 3079
005 20260306144854.0
008 260306t2016||||xx |||||||||||||| ||spa||
041 _aESP
082 _a249.8
_bF81
100 _aFrancisco, Papa
_eAUT
245 0 _aLa vida bella:
_bla complementariedad entre hombre y mujer
260 _c2016
300 _a145 páginas :
_c21 cm.
650 _aGEN
654 _aCHU
942 _cLIB
_dJUS
_fJUS
_2ddc
_n
999 _c3079
_d3079